Katholika Religio

Bibliographic Details
Main Author: Konrád, Martin (Author)
Format: Book
Language:Undetermined
Published: Eger Negyedik kiadás 1862

MARC

LEADER 00000nam a2200000 a 4500
001 vtls001442820
003 SK-MaSNL
005 20260301103936.0
008 240314s1862 xx 0 und
035 |a SNK000398041 
040 |a SNK  |b slo  |c SNK  |e AACR2 
041 0 |a und 
044 |a xx 
100 1 |a Konrád, Martin  |4 aut  |9 441932 
245 1 0 |a Katholika Religio 
260 |a Eger  |b Negyedik kiadás  |c 1862 
300 |a 346 s. 
958 |a ONDV 
999 |c 696708  |d 698638 
952 |t P60, <04>, [BOOK], {604}  |a SNK  |b SNK  |y VYP  |7 0  |p 17A0360754  |o snkIC 15583/1  |0 0  |1 0  |4 0  |d 2002-10-22  |l 0  |r 2005-01-02 00:00:00  |w 2026-02-23